[Event "RUS-ch 54th"]
[Site "Elista"]
[Date "2001.05.03"]
[Round "4"]
[White "Epishin, Vladimir"]
[Black "Tomashevsky, Evgeny"]
[Result "1-0"]
[WhiteElo "2579"]
[BlackElo "2408"]
[Annotator "Rabinovich,Al"]
[PlyCount "129"]
[EventDate "2001.04.29"]
[EventType "swiss"]
[EventRounds "9"]
[EventCountry "RUS"]
[SourceTitle "CBM 083"]
[Source "ChessBase"]
[SourceDate "2001.07.05"]
[SourceVersion "1"]
[SourceVersionDate "2001.07.05"]
[SourceQuality "1"]

{[%mdl 4384]} 1. d4 Nf6 2. c4 e6 3. Nf3 b6 4. g3 Ba6 5. b3 d5 6. cxd5 (6. Bg2
$5 {The most interesting continuation.} dxc4 7. Ne5 Bb4+ 8. Kf1 Bd6 9. Nxc4 (9.
Bxa8 Bxe5 $36) 9... Nd5 10. e4 Ne7 11. Bb2 (11. e5 Bxe5 12. Bxa8 Qxd4 13. Qxd4
Bxd4 $17) 11... Nbc6 12. Nbd2 e5 (12... O-O 13. Kg1 b5 14. Nxd6 cxd6 15. h4 {
Kasparov-Gelfand Novgorod 1997.}) 13. d5 Nd4 $146 14. Nf3 c5 15. Kg1 Bxc4 16.
bxc4 O-O 17. h4 Nc8 18. Bh3 Re8 19. Kg2 Bf8 20. Rc1 Nd6 $13 {[%csl Gd4] 0-1
Huzman,A-Kasparov,G/Tel Aviv 1998/CBM 65 (42)}) 6... exd5 7. Bg2 Bd6 (7... Bb4+
8. Bd2 c5 (8... Be7 9. O-O O-O 10. Nc3 Bb7 11. Rc1 Na6 (11... Re8 12. Bf4 Na6
13. Ne5 h6 14. h4 c5 15. dxc5 Bxc5 16. Nd3 Ba3 17. Rc2 Qd7 18. Ne5 Qe7 19. Nb5
Bc5 20. Nd3 Red8 21. Qb1 d4 22. Bxb7 Qxb7 23. b4 Bf8 24. Rfc1 Qd7 25. Rc6 {
1/2-1/2 Jussupow,A-Chuchelov,V/Ohrid MKD 2001/The Week in Chess 343 (25)}) 12.
Qc2 Ba3 13. Rcd1 h6 14. Ne5 Re8 15. Qf5 Bf8 16. Rfe1 c5 17. Ng4 Nxg4 18. Qxg4
cxd4 19. Qxd4 Nb4 20. Rc1 $14 {1-0 Karpov,A-Kurajica,B/Tilburg 1994/CBM 44 (34)
}) (8... Bxd2+ 9. Qxd2 O-O 10. O-O Re8 11. Nc3 Ne4 12. Nxe4 dxe4 13. Ng5 Nc6
14. Qf4 f6 15. Nxe4 Nxd4 16. Nc3 g5 17. Qg4 Nxe2+ $17 {1/2-1/2 Beliavsky,
A-Gelfand,B/Linares 1993/CBM 34 (68)}) 9. dxc5 Bxc5 10. b4 Bd6 11. Nc3 Bc4 12.
Bf4 $14 {[%csl Rd5][%cal Gf3d4] 1/2-1/2 Beliavsky,A-Ivanchuk,V/Reggio Emilia
1992/CBM 27 (37)}) (7... Be7 8. O-O O-O 9. Nc3 Bb7 10. Bf4 Na6 11. Qc2 Qd7 12.
Rfd1 Rfd8 13. Qb2 Qe8 14. Rac1 Qf8 $5 15. Nb1 c5 16. dxc5 bxc5 $11 {1/2-1/2
Portisch,L-Timman,J/Reykjavik 1991/CBM 26 (73)}) (7... c5 8. Nc3 Nc6 9. Ne5
Nxd4 10. e3 Ne6 11. Nxd5 Rc8 12. Bb2 Nd7 13. Qg4 c4 14. Nxc4 b5 15. Ne5 Nxe5
16. Bxe5 b4 17. Rd1 Qa5 18. Bf1 Bb7 19. Bc4 Rd8 20. e4 Bc5 21. Nc7+ Nxc7 22.
Bxf7+ Kxf7 23. Qxg7+ {1-0 Gyimesi,Z-Palac,M/Pula 1999/EXT 2000 (23)}) 8. Nc3 (
8. O-O O-O 9. Ne5 $6 Nbd7 10. Nc6 (10. f4 c5 $32 {[%cal Ra1g1]}) 10... Qe8 11.
Re1 Qe6 {[%csl Rc6][%cal Ga6b7]}) 8... O-O 9. O-O Nbd7 10. Qc2 (10. Ne1 Re8 11.
Nd3 c6 12. Bf4 Bxf4 13. Nxf4 $14) (10. Bb2 Re8 11. Re1 Rc8 12. Rc1 c6 13. Nd2
$14 {[%cal Ge2e4]}) 10... Re8 11. Bb2 (11. Bf4 Bxf4 12. gxf4 c5 13. Rfd1 Rc8
14. e3 Ne4 $15) 11... Rc8 12. Rfd1 {Against c5.} c6 13. Rac1 $14 Qe7 14. Nh4 {
[%cal Gh4f5] White is a slightly better.Black is a bit passive,but his solid
pawn structure doesn't let white to develop any initiative.} Bb4 15. Nf5 Qf8
16. e3 g6 17. Nh4 Qe7 18. Nf3 Ne4 (18... Bb7 $5 {[%cal Gc6c5]}) 19. a3 Bd6 (
19... Nxc3 20. Bxc3 Bxa3 21. Ra1 Nb8 22. Ra2 $44 {[%cal Gd1a1]}) 20. Nxe4 $1 {
Very good decition.} (20. b4 f5 $11) 20... dxe4 21. Nd2 Nf6 (21... Bd3 22. Qc3
$14 {[%cal Gd2c4,Gd4d5]}) 22. Nc4 Bxc4 (22... Bb8 23. Ne5 c5 24. Bh3 Rc7 25. d5
$16) 23. bxc4 Bxa3 24. Bxa3 Qxa3 25. c5 Nd5 (25... Qa6 26. cxb6 axb6 27. Bh3
Rc7 28. d5 c5 29. d6 Ra7 30. d7 Rd8 31. Rd6 $16) 26. Ra1 Qc3 27. Bxe4 bxc5 28.
dxc5 Qxc2 29. Bxc2 $16 {[%csl Ra7,Rc6] Last few moves where forced for both
sides.Now we face an ending where white has clear advantage thanks to better
bishop and black pawn weaknesses on qeenside.} Rc7 30. Rd4 {[%cal Gd4a4,Gd4h4]}
Rb8 31. Be4 Nc3 32. Bd3 {[%cal Ge3e4,Gf2f4]} Re8 {[%cal Ge8e5,Ge5c5]} 33. Rc4
Nd5 34. Ra5 {[%cal Gc4a4]} Nf6 35. Rca4 Ree7 36. Be2 {[%cal Ge2f3,Ga5a6,Ga6c6]}
Ne4 37. Bd3 Ng5 {Black N has no good posts,black is trying to place it on e6
attacking white c5-pawn.} (37... Nf6 38. Kg2 $16 {[%cal Ge3e4,Gf2f4,Gg2f3]})
38. Kg2 Red7 39. Bc4 Re7 $6 (39... Kf8 $142 $5) 40. h4 Ne4 (40... Ne6 41. Kf3 (
41. Bxe6 fxe6 42. Ra6 $16 {[%csl Ra7,Rc6,Rc7,Re6,Re7][%cal Gg2f3,Gf3e4,Ge4e5]})
) 41. Bd3 Nf6 42. Be2 Ne4 43. Bf3 Nd2 44. Bd1 Ne4 {Black is just waiting for
white's plan,it was better to bring the K to the center.} 45. Bc2 {Black main
defensive line is after white plays Bf3,black plays Nd2.So white takes care of
the second rank and brings finally the b to f3.} Nf6 46. Ra2 $1 h5 47. Bd1 Red7
(47... Ne4 48. Bf3 f5 49. Bd1 $16 {[%cal Gg2f3,Gf3f4,Gd1b3]}) 48. Bf3 Nd5 49.
R2a4 Kg7 50. Rd4 {Black begins to feel uncomfortable.The weaknesses on c6 and
a7 force black to concentrate on passive defence.} Ne7 $2 {This move lets
white to advance his position to next stage.The rook on d6 deserves all black
attention.} (50... Kf6 $142 {Would leave black better difensive chances.}) 51.
Rd6 Nd5 52. e4 $6 {Now was the good time to transfer the game to rook ending.}
(52. Bxd5 $5 cxd5 53. Rxd7 Rxd7 54. Kf3 Kf6 55. Ke2 Ke5 56. Kd3 $16 {[%cal
Gf2f4,Gd3d4]}) 52... Nb4 53. Be2 Re7 54. f3 f5 55. Rd4 Nd5 56. Bd3 fxe4 57.
Bxe4 Nf6 58. Bd3 Rcd7 {White lost most of his advantage.Black rooks are back
in the game.} 59. Rd6 $11 {White tries his last shot.} (59. Rxd7 Rxd7 60. Bc4
Kh6 61. Ra6 Rd2+ 62. Kh3 Rc2 $11) 59... Nd5 $4 {After such a good defence,
black makes this terrible mistake that looses immediatly.} (59... Rxd6 60. cxd6
Rd7 $11) 60. Rxg6+ Kf7 61. Rd6 $18 Rxd6 62. cxd6 Rd7 63. Kf2 Kf6 64. Be4 Ke5
65. Bg6 {Black resigned,since 3 white pawns on the K-side will easily decide
the game.} 1-0

[Event "Olympiad-34"]
[Site "Istanbul"]
[Date "2000.11.04"]
[Round "7.1"]
[White "Morovic Fernandez, Ivan"]
[Black "Adams, Michael"]
[Result "0-1"]
[WhiteElo "2608"]
[BlackElo "2755"]
[Annotator "Rabinovich,Al"]
[PlyCount "70"]
[EventDate "2000.10.28"]
[EventType "team-swiss"]
[EventRounds "14"]
[EventCountry "TUR"]
[SourceTitle "EXT 2001"]
[Source "ChessBase"]
[SourceDate "2000.11.22"]
[SourceVersion "1"]
[SourceVersionDate "2000.11.22"]
[SourceQuality "1"]
[WhiteTeam "Croatia"]
[BlackTeam "England"]
[WhiteTeamCountry "CRO"]
[BlackTeamCountry "ENG"]

1. d4 Nf6 2. c4 e6 3. Nf3 b6 4. g3 Ba6 5. b3 Bb7 (5... Bb4+ 6. Bd2 Be7 7. Bg2
c6 8. Bc3 d5 9. Nbd2 (9. Ne5 Ne4 10. O-O Nxc3 11. Nxc3 O-O 12. Rc1 Bf6 13. f4
Bxe5 14. fxe5 Nd7 15. cxd5 cxd5 16. Rf2 $14 {[%cal Ge2e4] 1-0 Timman,J-Polgar,
J/Hoogeveen NED 2000/The Week in Chess 311 (41)}) 9... Nbd7 10. O-O O-O 11. Re1
c5 12. e4 dxe4 13. Nxe4 Bb7 (13... Nxe4 14. Rxe4 Bb7 15. Re3 Nf6 16. Ne5 cxd4
17. Bxd4 Qc7 18. Bxb7 Qxb7 19. Qf3 Qxf3 20. Rxf3 Rac8 21. Rd1 Rfd8 22. Rfd3 Kf8
{1/2-1/2 Van Wely,L-Kramnik,V/Wijk aan Zee NED 2000/The Week in Chess 273 (22)}
) 14. Ned2 (14. Nfg5 $5) 14... Re8 15. Qe2 Qc7 16. Rad1 Rad8 17. dxc5 Bxc5 18.
Ng5 Bxg2 19. Kxg2 h6 20. Nge4 Be7 $11 {1/2-1/2 Kramnik,V-Polgar,J/Wijk aan Zee
NED 2000/The Week in Chess 273 (31)}) (5... b5 6. cxb5 Bxb5 7. Bg2 Bb4+ 8. Bd2
a5 9. O-O O-O 10. a3 Be7 11. Nc3 Bc6 12. Qc2 d5 13. Ne5 Bb7 14. Na4 Nfd7 15.
Nd3 Bc6 16. Nac5 Nxc5 17. Nxc5 $14 {1-0 Tkachiev,V-Nisipeanu,L/Naujac-sur-Mer
FRA 2000/The Week in Chess 303 (28)}) 6. Bg2 Bb4+ 7. Bd2 a5 8. O-O O-O 9. Qc2 (
9. Qc1 {Interesting idea,played by Lev against Psakhis.White would like to
play Bf4,after what B on b4 will feel itself very uncomfortable}) 9... d6 (9...
d5 10. cxd5 exd5 11. Nc3 Re8 12. Rad1 Ne4 13. Nxe4 dxe4 14. Ne5 f6 15. Bxb4
axb4 16. Nc4 Na6 $11 {0-1 Magerramov,E-Ibragimov,I/Dubai UAE 2000/The Week in
Chess 290 (61) Black has no problems.}) 10. Nc3 Nbd7 11. Rad1 (11. Rfe1 Bxc3
12. Bxc3 Be4 13. Qb2 a4 14. Bf1 c5 15. Nd2 Bb7 16. b4 a3 17. Qb3 cxd4 18. Bxd4
e5 19. Be3 Qc7 20. Rac1 Qc6 21. f3 Qa4 22. Qb1 d5 $1 $15 {0-1 Topalov,V-Adams,
M/Frankfurt GER 2000/The Week in Chess 294 (65)}) (11. Ne1 Qc8 12. Rc1 Re8 13.
Nb5 Bxg2 14. Nxg2 Qb8 15. a3 Bxd2 16. Qxd2 c6 17. Nc3 d5 18. Rfd1 b5 19. cxb5
cxb5 20. Qd3 b4 21. Nb5 Rc8 22. a4 {1/2-1/2 Kortschnoj,V-Adams,M/Wijk aan Zee
2000/CBM 75 (22)}) 11... Bxc3 (11... Qb8 $5) 12. Bxc3 Be4 13. Qc1 {Now the
plans of both sides are clear: White will play in the center,trying to use his
two bishops.Black will play a4 and b5 ,after what he will get one or more open
lines on queenside.} a4 14. Bh3 b5 (14... Bxf3 $5 15. exf3 d5 {[%csl Gc3,Gd7,
Gf6,Gh3]}) 15. Nd2 (15. cxb5 axb3 16. axb3 Qb8 $15) 15... axb3 16. axb3 bxc4
17. bxc4 Ra2 {The position is about equal,may be a bit better for black.White
should have played here 18.Ne4 Ne4 19.Bg2 with good chances to hold it. After
the move in the game ,white's position crushes very quickly.} 18. f3 $2 Bc2 19.
Rde1 c5 20. d5 (20. e3 $142 Qc7 $15 {[%csl Rc1,Rd2,Rh3]}) 20... exd5 21. Bxd7
Nxd7 22. cxd5 Qa8 $17 23. Bb2 Qa4 {[%cal Gf8b8]} (23... Rb8 $5 24. Nc4 (24.
Qxc2 Rbxb2 25. Qf5 Nb6 26. Ne4 Qxd5 27. Qxd5 Nxd5 28. Nxd6 (28. Rb1 Ne3 29.
Rxb2 Rxb2 30. Ra1 h6 31. Kf2 Nf5 $17) 28... Ne3 29. Rf2 f5 30. f4 Rd2 31. Nb5
c4 $19) 24... Qa4 25. Qg5 f6 26. Qg4 h5 27. Qe6+ Kh8 28. Ba1 Qxc4 29. Qxd7 Qxd5
30. e4 Qd2 31. Qh3 Bb3 $19 32. Qxh5+ $6 Kg8 33. Qh3 Bc4 $19) 24. Bc3 Nb6 25. e4
Bd3 26. Rf2 Rc2 27. Qa1 Qxa1 28. Bxa1 Ra8 29. Nb3 (29. Nf1 {It was the last
chance for white:to change one R and to pray for black's mistake.}) 29... Nc4 {
[%cal Gc2f2,Gd3c2] Now white looses material.} 30. e5 $6 (30. Nc1 $142 Bxe4 31.
Bxg7 Rxf2 32. Kxf2 Bxd5 $19) 30... Rxf2 31. Kxf2 Bc2 32. Nd2 Nxd2 33. exd6 Nc4
34. d7 Ba4 35. Rc1 Bb5 0-1

[Event "Sarajevo Bosnia 31st"]
[Site "Sarajevo"]
[Date "2001.05.22"]
[Round "9"]
[White "Georgiev, Kiril"]
[Black "Kurajica, Bojan"]
[Result "1-0"]
[WhiteElo "2676"]
[BlackElo "2567"]
[Annotator "Rabinovich,Al"]
[PlyCount "61"]
[EventDate "2001.05.13"]
[EventType "tourn"]
[EventRounds "9"]
[EventCountry "BIH"]
[EventCategory "16"]
[SourceTitle "CBM 084"]
[Source "ChessBase"]
[SourceDate "2001.09.13"]
[SourceVersion "1"]
[SourceVersionDate "2001.09.13"]
[SourceQuality "1"]

1. d4 {[%mdl 8576]} Nf6 2. c4 e6 3. Nf3 b6 4. g3 Ba6 5. b3 c6 {Rare move.The
main line is 5...Bb4+.} (5... b5 6. cxb5 Bxb5 7. Bg2 c5 $6 (7... Bc6 8. O-O Qc8
9. Bg5 Qb7 10. Bxf6 gxf6 11. Nc3 d5 12. a3 a5 13. Qc2 Nd7 14. Nh4 Be7 15. Rfc1
f5 16. Na4 Bxa4 17. bxa4 Bxh4 18. gxh4 Ke7 19. Rab1 Qa7 20. Qd2 Rhg8 21. h3 $13
{1/2-1/2 Van Wely,L-Timoshenko,G/Ohrid MKD 2001/The Week in Chess 344 (27)}) 8.
O-O Bc6 9. Ba3 Na6 10. Nbd2 Be7 11. dxc5 Bxc5 12. Bxc5 Nxc5 13. Rc1 Nb7 14. e4
O-O 15. Nd4 $16 {1-0 Kramnik,V-Ivanchuk,V/Monaco MNC 2001/The Week in Chess
333 (50)}) (5... Bb4+ 6. Bd2 Be7 7. Bg2 c6 8. Bc3 d5 9. Ne5 Nfd7 10. Nxd7 Nxd7
11. Nd2 O-O 12. O-O Nf6 13. e4 b5 14. Re1 dxe4 15. Qc2 Rb8 16. Rad1 Qc7 17.
Nxe4 bxc4 18. Nxf6+ Bxf6 19. bxc4 c5 20. d5 $14 {1/2-1/2 Karpov,A-Leko,P/
Linares ESP 2001/The Week in Chess 330 (57)}) 6. Bg2 d5 7. O-O Nbd7 8. Nbd2 c5
$6 $146 {This move wasn't played yet,but it seems to be a very unlogical one.
Black K is still in the center,black didn't finish developming the pieces and
he playes c5 after he played c6 few moves earlier.I think it was better first
to play 8...Be7 and only then to think of c5.} (8... Rc8 $6 9. Bb2 Be7 10. Re1
O-O 11. e4 $14 {1/2-1/2 Vezzosi,P-Efimov,I/Reggio Emilia ITA 2001/The Week in
Chess 322 (59)}) 9. Bb2 Be7 10. Re1 (10. dxc5 $5 Bxc5 (10... bxc5 $5) 11. cxd5
exd5 12. Re1 O-O 13. e4 (13. e3 $14 {[%csl Gd4][%cal Ga2a3,Gb3b4] With very
pleasant game for white.}) 13... dxe4 14. Nxe4 Nxe4 15. Rxe4 Nf6 $11) 10... O-O
11. e4 $5 {This move leading white to a slightly better position.Black has to
be carefull,despite the fact that few pieces are exchanged,white controls the
center and his pawn-advantage on the Q-side can become powerfull.} (11. dxc5
bxc5 (11... Nxc5 $132) (11... Bxc5 12. cxd5 exd5 13. e3 $14) 12. e4 dxe4 (12...
d4 13. e5 $36) 13. Ng5 $14 {[%csl Gb2,Gg2]}) 11... dxe4 12. Nxe4 Bb7 13. Nfg5 {
[%cal Gg5e4,Gg5h7]} (13. Nxf6+ Bxf6 14. Qe2 cxd4 15. Nxd4 Bxg2 16. Kxg2 Qc7 $11
) 13... Rb8 (13... Nxe4 14. Nxe4 cxd4 15. Qxd4 e5 16. Qd3 {[%cal Ge4d6,Ga1d1]}
Qc7 17. Nc3 $1 $14 {[%csl Re5][%cal Gc3d5,Gc3b5]}) 14. Qc2 (14. dxc5 $5 bxc5 $8
(14... Nxc5 15. Nxc5 bxc5 (15... Bxc5 $2 16. Qc2 g6 17. Rad1 Qe7 18. Qc3 $18)
16. Be5 $1) 15. Qc2 Nxe4 16. Nxe4 $14 {[%csl Rc5]}) 14... h6 15. Nxf6+ Nxf6 16.
Bxb7 Rxb7 17. Nf3 {[%cal Ga1d1] Black succesfully got out of the opening.The
only thing which can bother him is white's control over the center.} cxd4 18.
Rad1 Qc8 19. Bxd4 Rd8 $11 {Black played very accurately and equalized the
position.} 20. Ne5 Nd7 21. Ng4 {[%cal Gg4h6]} h5 $2 {Why to make this moves,
when white intends to play on K-side?White clearly was planning N-sacrafise....
.......} (21... Nf8 $1 {Defending against all white threats.}) 22. Ne3 $2 {
White misses a great chance to decide the game......} (22. Nh6+ $3 gxh6 (22...
Kf8 23. Qh7 $18) {[%tqu "En","Find the best way for white to continue the
attack.","","","e1e6","Correct. White attack is very strong.",10]} 23. Rxe6 Bg5
(23... fxe6 24. Qg6+ $18) (23... Nf6 24. Rxf6 Bxf6 (24... Rxd4 25. Rg6+ Kf8 26.
Rxd4 fxg6 27. Qxg6 $40 {[%csl Rf8]})) (23... Nf8 24. Rxh6 f6 25. Rxh5 $16) (
23... Bf8 24. Rg6+ $18) {[%tqu "En","How white should finish the attack?","",
"","e6g6","Now black is hopeless.",10]} 24. Rg6+ Kf8 (24... fxg6 25. Qxg6+ Kf8
26. Bg7+ $3 Ke7 27. Re1+ Ne5 28. Rxe5+ Kd7 29. Qe6+ Kc7 30. Rc5+ $3 {[%cal
Gg7e5]} Kb8 (30... bxc5 31. Be5+ Rd6 32. Qxd6#) 31. Rxc8+ Rxc8 32. Be5+ Rbc7
33. f4 $18) 25. Bg7+ Ke8 (25... Kg8 26. Bxh6+ Kh8 (26... Kh7 27. Rg7+ Kxh6 28.
Qh7#) 27. Bg7+ Kg8 28. Rxg5 $18) 26. Re1+ Ne5 27. Rxe5+ Re7 28. Rxe7+ Bxe7 (
28... Kxe7 29. Qe4+ Kd7 {[%csl Rg6]} 30. Rf6 $1 Bxf6 31. Bxf6 Re8 32. Qd5+ Kc7
33. Be5+ Rxe5 34. Qxe5+ Kb7 35. Qd5+ Ka6 36. Qxf7 $18 {With easily winning
ending!}) 29. Rxh6 $18 {Two pawns up and a weak black K will give white an
easy win.}) 22... Bf6 23. b4 Rc7 $14 24. Qe2 {[%csl Rh5]} Bxd4 25. Rxd4 Ne5 $5
{[%cal Ge5c4,Ge5d3,Ge5f3,Ge5g6] The center,from there pieces can reach the
most important squares!} (25... Nf6 26. Rxd8+ Qxd8 27. Rc1 $14) 26. Re4 $6 {
White is trying to complicate the position by force.But black pieces are
placed good enough and if black had played at his next move 26...Nd3 it could
be hard to predict the result of the game.} (26. Rxd8+ Qxd8 27. Rd1 (27. f4 $6
Nd3 28. Rd1 Rd7 29. a3 h4 {And black is at least not worse.}) 27... Qc8 $132)
26... f6 $6 {Letting white to gain some initiative,which can be dangerous if
black doesn't play accurate.} (26... Nd3 $5 27. Rd1 (27. Rb1 Qb7 {[%csl Re4]}
28. Rh4 Ne5 {[%csl Rf3]} 29. Rf4 Ng6 30. Rf3 Rcd7 $17) 27... Nxb4 28. Rxd8+
Qxd8 29. Qxh5 Rc5 $15) 27. Rxe5 $1 fxe5 28. Qxh5 Rd2 29. Ng4 $36 Rxc4 $4 {
A blonder which leads to complitely winning ending for white.} (29... Rxa2 30.
Nxe5 $44 (30. Rxe5 $44 {[%cal Ge5g5]})) 30. Nh6+ Kh7 $4 {Another blonder,which
looses immediately.} (30... gxh6 31. Qg6+ Kf8 32. Qxh6+ Kf7 33. Qxd2 $18) 31.
Nf5+ {[%cal Gf5e7]} 1-0

[Event "Corus"]
[Site "Wijk aan Zee"]
[Date "2001.01.27"]
[Round "12"]
[White "Timman, Jan H"]
[Black "Anand, Viswanathan"]
[Result "0-1"]
[WhiteElo "2629"]
[BlackElo "2790"]
[Annotator "Rabinovich,Al"]
[PlyCount "60"]
[EventDate "2001.01.13"]
[EventType "tourn"]
[EventRounds "13"]
[EventCountry "NED"]
[EventCategory "19"]
[SourceTitle "CBM 081"]
[Source "ChessBase"]
[SourceDate "2001.03.20"]
[SourceVersion "1"]
[SourceVersionDate "2001.03.20"]
[SourceQuality "1"]

{[%mdl 8]} 1. d4 Nf6 2. c4 e6 3. Nf3 b6 4. g3 Ba6 5. b3 (5. Nbd2 Bb4 6. Qc2 Bb7
7. Bg2 Be4 8. Qb3 Bxd2+ 9. Bxd2 O-O 10. O-O d6 11. Rfd1 Nbd7 12. Rac1 Re8 13.
Bh3 Qe7 14. Be3 a5 15. Nd2 Bb7 16. Qc2 c5 17. dxc5 bxc5 18. f3 h6 $11 {0-1 Dao
Thien Hai-Adams,M/New Delhi IND 2000/The Week in Chess 317 (68)}) 5... Bb4+ 6.
Bd2 Be7 7. Bg2 c6 8. Bc3 d5 9. Ne5 {We are facing probably the most popular
line in King's Indian defence nowdays.Every week somebody comes up with some
new idea and still thete is no verdict yet. Black succeded to get good
positions lately in most of the complicated lines,but white finds some new
moves each time.Anyway if black is looking for good and solid line with
interesting game this one could be advicble.} Nfd7 10. Nxd7 Nxd7 11. Nd2 O-O
12. O-O Nf6 (12... b5 13. c5 f5 14. f4 g5 15. Nf3 gxf4 16. gxf4 Kh8 17. Kh1 Rg8
$132 {0-1 Karpov,A-Gurevich,M/Cap d'Agde FRA 2000 (50) With complicated game.
But not everyone likes to play Stonewall structure.}) 13. e4 b5 {Important
move,black must start playing on quenside and attack the white center,
otherwise white gets very nice play .} (13... dxe4 $6 14. Nxe4 Rc8 15. Qc2 b5
16. Bb2 Qc7 17. c5 b4 18. Rfe1 Nxe4 19. Bxe4 h6 20. Bc1 Qd7 21. Be3 Rfd8 22.
Rad1 Bb5 23. h4 $16 {1-0 Kuzmin,A-Kabatianski,A/Podolsk 1990/TD (55) With big
advantage for white.}) 14. Re1 (14. e5 $6 Nd7 15. c5 b4 16. Bxb4 Bxf1 17. Bxf1
{0-1 Dokuchaev,A-Anastasian,A/St Petersburg 1994/CBM 41 (28) Interesting
exchange sacrafise.Unfortunatly the position is close and the only thing white
can hope for is that black won't have enough resources for win.}) 14... dxe4
15. Qc2 {Following to mainbase Timman didn't play lately this line,probably he
prepared something .Anand doesn't take any risks and enters the less popular
line.The main line is 15...Rc8.May be after this game the evaluation about
what is the main line will change!?} Rb8 $5 $146 {[%mdl 8] According to this
game,this move begins his way to theoretical struggle.} 16. Rad1 (16. Nxe4 bxc4
17. Nc5 Bb5 (17... Bxc5 18. dxc5 Qd3 19. Qb2 Nd5 20. Bxd5 cxd5 21. Bxg7) 18. b4
{[%cal Ga2a4]} Qb6 19. a4 Ba6 20. a5 Qb5 21. Bf1 Nd5 22. Rab1 {May be
interesting since black Q and B on a6 placed bad.} (22. Nd7 Nxc3 $19 23. Nxb8
Rxb8 24. Qxc3 Bxb4)) 16... Qc7 {[%cal Gc6c5] Preparing c5 in the future and
connecting between the rooks.} 17. Bf1 $6 (17. Nxe4 $142 {Leads to equal
positions.White overevaluates his posotion.He shouldn't take the e4 pawn for
granted.} bxc4 18. Nxf6+ Bxf6 (18... gxf6 19. Qe2 Bb4 20. Bxb4 Rxb4 21. Qg4+
Kh8 22. Qf3 Kg7 23. Qg4+ $11) 19. bxc4 Bxc4 $2 20. Bd2 {[%cal Gc2c4,Gd2f4]})
17... bxc4 18. bxc4 c5 19. dxc5 (19. Nxe4 cxd4 20. Rxd4 Bb7 21. Bg2 Rfc8 $15 {
[%csl Rc4]}) 19... Bb7 20. Nb3 (20. Bxf6 gxf6 21. Nxe4 f5 22. Nd6 Ba8 {[%cal
Gc7c6]} 23. Qa4 Qxc5 24. Qd7 Bf6 $17 {[%cal Gb8b2,Ga7a6,Gb8d8]}) 20... Nd7 {
Black position is better.Pawn on c5 is lost, while the pawn on e4 can be
defended by f5.} 21. Qb2 g6 {Black realizes that white won't be able to use
the weaknesses on kingside.} (21... e5 $2 22. Rxd7 Qxd7 23. Bxe5 {[%cal Ge5b8,
Ge5g7]}) 22. Bg2 f5 23. Nd4 $6 (23. Ba5 $142 Qc8 24. Bb4 Bf6 25. Qa3 Bc6 $15 {
[%cal Gd7e5,Ge5d3] Could leave white some counterpaly chances.}) 23... Nxc5 $17
24. Nb5 Qb6 {[%cal Gc5d3]} 25. Qa3 $6 {In worse position white makes taktikal
blunder.} (25. Bh8 Rf7 26. Qe5 Rd8 27. Rxd8+ Qxd8 $19 {[%csl Rh8][%cal Gc5d3]})
25... Rf7 {[%cal Gc5d3]} 26. Qxa7 Qxa7 27. Nxa7 Nd3 28. Re2 Bc5 {[%cal Gc5a7,
Gc5f2]} 29. Nb5 f4 $19 {[%cal Gf4g3,Gf4f3]} 30. Bh3 (30. Red2 Nxf2 $6 (30...
Bxf2+ $5 31. Rxf2 Nxf2 32. Kxf2 e3+ 33. Kg1 Bxg2 34. Kxg2 f3+ 35. Kg1 e2 $19)
31. Rd8+ Rf8 32. Rxb8 $4 (32. Rxf8+ Rxf8 33. Rd7 {Leaves white some hopes.})
32... Nxd1+) {[%tqu "En","Find the best move for black.","","","d3f2","Correct.
Now black wins material.",10]} 30... Nxf2 0-1